Liga Portugal Winners - Statistics

General Stats
  • This quiz has been taken 100 times
  • The average score is 20 of 25
Answer Stats
Hint Answer % Correct
2023 Benfica
95%
2022 Porto
94%
2019 Benfica
85%
2020 Porto
82%
2018 Porto
81%
2017 Benfica
80%
2015 Benfica
80%
2014 Benfica
80%
2005 Benfica
80%
2004 Porto
80%
2003 Porto
80%
2016 Benfica
79%
2010 Benfica
79%
2013 Porto
79%
2012 Porto
79%
2011 Porto
79%
2009 Porto
79%
2008 Porto
79%
2007 Porto
79%
2006 Porto
79%
2024 Sporting Lisbon
73%
2021 Sporting Lisbon
69%
2002 Sporting Lisbon
65%
2000 Sporting Lisbon
63%
2001 Boavista
60%
No matching quizzes found
Score Distribution
Percent of People with Each Score
Percentile by Number Answered
Your Score History
You have not taken this quiz